Infant tongues : the voice of the child in literature
Αποθηκεύτηκε σε:
| Άλλοι συγγραφείς: | , , |
|---|---|
| Μορφή: | Βιβλίο |
| Γλώσσα: | English |
| Δημοσίευση: |
Detroit :
Wayne State University Press,
1994
|
| Θέματα: | |
| Ετικέτες: |
Προσθήκη ετικέτας
Δεν υπάρχουν, Καταχωρήστε ετικέτα πρώτοι!
|
MARC
| LEADER | 00000nam a2200000 i 4500 | ||
|---|---|---|---|
| 001 | 1/46773 | ||
| 008 | 040114s1994 eng d | ||
| 020 | |a 0-8143-2431-2 | ||
| 035 | |l 10071959 | ||
| 040 | |a GR-MY-UA |b gre |e aacr | ||
| 041 | 0 | |a eng | |
| 082 | 0 | |a 809.93352054 | |
| 245 | 1 | 0 | |a Infant tongues : |b the voice of the child in literature / |c edited by Εlizabeth Goodenough, Mark A. Heberle and Naomi Sokoloff ; with a foreword by Robert Coles |
| 260 | |a Detroit : |b Wayne State University Press, |c 1994 | ||
| 300 | |a 331 p. | ||
| 504 | |a Includes bibliographical references and index | ||
| 650 | 0 | 0 | |a Children in literature. |
| 650 | 0 | 0 | |a Children's literature |x History and criticism. |
| 650 | 0 | 0 | |a Children as authors |x History and criticism. |
| 700 | 1 | |a Goodenough, Εlizabeth. |4 edt | |
| 700 | 1 | |a Heberle, Mark A. |4 edt | |
| 700 | 1 | |a Sokoloff, Naomi B. |4 edt | |
| 852 | |a INST |b RHODES |e 20040114 |h 809.93352054 INF |p 005400019868 |q 005400019868 |t BK |y 0 | ||
| 901 | |a BIBL4-2004-1 | ||
| 909 | |a Ρ |b 107961 | ||
| 922 | |a 4ΕΛΗ |b 200312 |c ΕΠΕΑΕΚ2/ΠΤΔΕ |d ΜΙΧΑΛΟΠΟΥΛΟΣ | ||
| 950 | |a 095-2003-10-18 | ||
| 970 | |a ΚΟΥΛΑΚΙΟΤΗ |b ΛΙΤΣΑ |z 2004/01/20 | ||